[Event "TICF"]
[Site "FAMALICAO"]
[Date "2023.07.29"]
[Round "8.14"]
[White "CARVALHO, Vitor"]
[Black "SILVA, Ines"]
[Result "1/2-1/2"]
[BlackElo "1833"]
[WhiteElo "1472"]
[LiveChessVersion "1.4.8"]

1. d4 {[%clk 1:30:31]} d5 {[%clk 1:30:54]} 2. c4 {[%clk 1:30:02]} e6
{[%clk 1:31:19]} 3. Nf3 {[%clk 1:29:44]} Nf6 {[%clk 1:31:43]} 4. Bg5
{[%clk 1:27:38]} dxc4 {[%clk 1:31:56]} 5. e4 {[%clk 1:26:36]} c5 {[%clk 1:28:03]}
6. Bxc4 {[%clk 1:19:31]} cxd4 {[%clk 1:21:34]} 7. e5 {[%clk 1:15:20]} h6
{[%clk 1:18:24]} 8. Bxf6 {[%clk 0:52:32]} gxf6 {[%clk 1:15:42]} 9. O-O
{[%clk 0:39:42]} fxe5 {[%clk 1:06:10]} 10. Nxe5 {[%clk 0:39:38]} Bg7
{[%clk 1:01:34]} 11. Qh5 {[%clk 0:37:50]} O-O {[%clk 0:46:54]} 12. Nd2
{[%clk 0:34:39]} Qg5 {[%clk 0:45:24]} 13. Qxg5 {[%clk 0:32:34]} hxg5
{[%clk 0:45:48]} 14. Ndf3 {[%clk 0:31:58]} Rd8 {[%clk 0:24:44]} 15. Rfe1
{[%clk 0:30:11]} f6 {[%clk 0:17:42]} 16. Nd3 {[%clk 0:26:56]} Kf7
{[%clk 0:17:50]} 17. Nc5 {[%clk 0:26:38]} Rd6 {[%clk 0:14:17]} 18. Nxe6
{[%clk 0:19:43]} Bxe6 {[%clk 0:09:59]} 19. Rxe6 {[%clk 0:19:41]} Rxe6
{[%clk 0:09:44]} 20. Nxd4 {[%clk 0:18:12]} Nc6 {[%clk 0:06:57]} 21. Nxe6
{[%clk 0:17:39]} Kg6 {[%clk 0:06:49]} 22. Bd3+ {[%clk 0:15:51]} Kf7
{[%clk 0:07:05]} 23. Bc4 {[%clk 0:15:11]} Kg6 {[%clk 0:07:25]} 24. Bd3+
{[%clk 0:13:55]} Kf7 1/2-1/2